| 000 | 02019nam a2200601 a 4500 | ||
|---|---|---|---|
| 001 | 21734 | ||
| 003 | VRT | ||
| 005 | 20260309110126.0 | ||
| 008 | 160610s2013 xo a a 000 p slo | ||
| 015 | _aSNBA2013/07 | ||
| 020 | _a9788080897543 (viaz.) | ||
| 035 | _a7D5DBBAB-F6DE-403C-ACF3-5B494D8E2696 | ||
| 035 | _aurn:nbn:sk:snk-aml022 | ||
| 035 | _aurn:nbn:sk:snk-am008oa6 | ||
| 039 | 9 |
_a201606101514 _bVLOAD _c201604301133 _dVLOAD _c201601280957 _dVLOAD _c201411101530 _dmtotk19 |
|
| 040 |
_aPOKPOH _bslo _cPOKPOH _dSNK _eAACR2 |
||
| 041 | 1 |
_aslo _hcze |
|
| 044 |
_axo _cSK |
||
| 072 | 7 |
_a59 _xZoológia _2konspekt |
|
| 072 | 7 |
_a821-93 _xLiteratúra pre deti a mládež (beletria) _2konspekt |
|
| 080 |
_a592/599 _22001 |
||
| 080 |
_a821-1 _22001 |
||
| 080 |
_a821-93 _22001 |
||
| 100 | 1 |
_aDalmádyová, Iveta _4aut _4trl |
|
| 240 | 1 | 0 |
_aKamarádi zvířátka _lSlovensky |
| 245 | 1 | 0 |
_aKamaráti zvieratká _c[text] Ivet Dalmády ; [ilustrovali Barbora Dančová ... [et al.]] |
| 250 | _a1. vyd. | ||
| 260 |
_aBratislava _bFragment _c2013 |
||
| 300 |
_a80 s. _bfareb. ilustr. _c22 cm |
||
| 521 | _aPre deti od 3 rokov | ||
| 650 | 0 | 7 |
_aživočíchy _2SNKPH |
| 650 | 0 | 7 |
_aAnimals _2SNKPHeng |
| 655 | 7 |
_apoézia _2SNKPH |
|
| 655 | 7 |
_aPoetry _2SNKPHeng |
|
| 655 | 7 |
_apublikácie pre deti _2SNKPH |
|
| 655 | 7 |
_aChildren's literature _2SNKPHeng |
|
| 700 | 1 |
_aDančová, Barbora _4ill |
|
| 700 | 1 |
_aBalcarová-Hladká, Veronika _4ill |
|
| 700 | 1 |
_aLockerová, Jiřina, _d1957- _4ill |
|
| 700 | 1 |
_aPolák, Jiří _4ill |
|
| 700 | 1 |
_aPtáček, Petr, _d1965- _4ill |
|
| 910 | _apokpoh | ||
| 910 | _asvkbb | ||
| 910 | _asnk | ||
| 910 | _abin | ||
| 910 | _atotk | ||
| 942 |
_2ddc _cKLDE _n0 |
||
| 949 |
_63870A22971 _abinSL 074 _bbin22971 |
||
| 949 |
_6270001000416534 _asvkbbA 138823 _bsvkbbm 737443 |
||
| 949 |
_617A1080237 _asnkSC 155414 _bsnk2013/16824 _o1695/13 _s6100:20160127 |
||
| 949 |
_617A1080238 _asnkSC 155414 D1 _bsnk2013/16825 _o1695/13 |
||
| 999 |
_c21734 _d21734 |
||